00419nam a2200121Ia 4500001000400000008004100004082002500045100011100070245004800181260002500229901002800254999001500282605241024s9999 xx 000 0 und d aRD/371.2/R426si/2008 aRepública Dominicana.Secretaria de Estado de Educación.Oficina de Supervisión Evaluación y Control 0aSistema Nacional de Supervisión Educativa bSanto Ddomingoc2008 a18/11/2010 2:45:52 p.m. c8872d8872